[Event "New Delhi Matrix op 3rd"]
[Site "New Delhi"]
[Date "2024.04.10"]
[Round "9"]
[White "Kishan, Kumar"]
[Black "Nirnay, Garg"]
[Result "0-1"]
[WhiteElo "1933"]
[BlackElo "1828"]
[PlyCount "102"]
[EventDate "2024.04.06"]
[EventType "swiss"]
[EventRounds "9"]
[EventCountry "IND"]
[SourceTitle "CB16_2024"]
[SourceDate "2024.04.17"]
[SourceVersion "1"]
[SourceVersionDate "2024.04.17"]
[SourceQuality "1"]

1. Nf3 Nf6 2. g3 d5 3. d4 Bf5 4. Bg2 e6 5. Nh4 Bg4 6. h3 Bh5 7. g4 Nfd7 8. Nf3 Bg6 9. Bf4 c5 10. e3 Qb6 11. Qc1 Nc6 12. c3 Rc8 13. 0-0 Be7 14. Nbd2 0-0 15. Nb3 cxd4 16. exd4 Nf6 17. Ne5 Nxe5 18. Bxe5 Qa6 19. Re1 Ne4 20. f3 Nd6 21. Bg3 Nc4 22. Nd2 b5 23. Nxc4 bxc4 24. b4 cxb3 25. axb3 Qc6 26. c4 Bb4 27. Rd1 dxc4 28. bxc4 Qxc4 29. Qxc4 Rxc4 30. Bf1 Rcc8 31. Ba6 Rcd8 32. Bh4 Rd7 33. Bb5 Rb7 34. Bc6 Rc7 35. d5 exd5 36. Bxd5 Rfc8 37. Bf2 Bc2 38. Rdc1 Bd2 39. Rf1 a5 40. Be4 Bxe4 41. fxe4 Rc4 42. Rfd1 Bc3 43. Ra3 Bb4 44. Re3 a4 45. e5 a3 46. e6 fxe6 47. Rxe6 Rc1 48. Rxc1 Rxc1+ 49. Kg2 a2 50. Bd4 Rc2+ 51. Kf3 Bc3 0-1

[Event "New Delhi Matrix op 3rd"]
[Site "New Delhi"]
[Date "2024.04.09"]
[Round "8"]
[White "Nirnay, Garg"]
[Black "Saparya, Ghosh"]
[Result "1/2-1/2"]
[WhiteElo "1828"]
[BlackElo "1759"]
[PlyCount "97"]
[EventDate "2024.04.06"]
[EventType "swiss"]
[EventRounds "9"]
[EventCountry "IND"]
[SourceTitle "CB16_2024"]
[SourceDate "2024.04.17"]
[SourceVersion "1"]
[SourceVersionDate "2024.04.17"]
[SourceQuality "1"]

1. d4 Nf6 2. Bf4 d5 3. e3 c5 4. c3 Nc6 5. Nd2 e6 6. Ngf3 cxd4 7. exd4 Nh5 8. Be3 Bd6 9. Ne5 g6 10. Bb5 Qc7 11. 0-0 0-0 12. f4 f6 13. Nd3 Ng7 14. Ba4 Bd7 15. Rc1 Nf5 16. Qe2 Rae8 17. Nf3 Na5 18. Bxd7 Qxd7 19. Rce1 Nc4 20. Bc1 Qc7 21. Qf2 a5 22. Re2 a4 23. Rfe1 Ng7 24. Kh1 b6 25. g4 e5 26. dxe5 fxe5 27. fxe5 Nxe5 28. Ndxe5 Rxe5 29. Rxe5 Bxe5 30. Qg2 Bf4 31. Nd4 Qd7 32. Bxf4 Rxf4 33. h3 Qf7 34. Kg1 h5 35. gxh5 Nxh5 36. Re5 Ng7 37. Rxd5 Rf1+ 38. Qxf1 Qxd5 39. Qf6 Qxa2 40. Qxb6 Qb1+ 41. Kh2 Kh7 42. Qb5 Qd1 43. Qe2 Qc1 44. Qc2 Qf4+ 45. Kg2 Nh5 46. Qf2 Qg5+ 47. Kh2 Qe5+ 48. Kg1 Qg5+ 49. Kh2 1/2-1/2

[Event "New Delhi Matrix op 3rd"]
[Site "New Delhi"]
[Date "2024.04.08"]
[Round "6"]
[White "Neelash, Saha"]
[Black "Nirnay, Garg"]
[Result "1-0"]
[WhiteElo "2464"]
[BlackElo "1828"]
[PlyCount "91"]
[EventDate "2024.04.06"]
[EventType "swiss"]
[EventRounds "9"]
[EventCountry "IND"]
[SourceTitle "CB16_2024"]
[SourceDate "2024.04.17"]
[SourceVersion "1"]
[SourceVersionDate "2024.04.17"]
[SourceQuality "1"]

1. d4 d5 2. c4 e6 3. Nf3 Nf6 4. Nc3 Bb4 5. Qa4+ Nc6 6. e3 0-0 7. Bd2 Re8 8. Qc2 e5 9. dxe5 Nxe5 10. Nxd5 Nxd5 11. cxd5 Nxf3+ 12. gxf3 Bxd2+ 13. Qxd2 Qf6 14. Be2 Bh3 15. Qc3 Re5 16. Rg1 Kh8 17. Rg3 Bd7 18. Rd1 c6 19. dxc6 Bxc6 20. f4 Re6 21. Qxf6 Rxf6 22. h4 Rh6 23. h5 Rc8 24. Rg5 Kg8 25. Rc5 Kf8 26. Bg4 Rb8 27. Ke2 b6 28. Rc3 Ke7 29. Rdc1 Bb5+ 30. Kf3 a5 31. Rc7+ Kf8 32. Kg3 Rd6 33. Ra7 Rc6 34. Rxc6 Bxc6 35. Bf3 Be8 36. e4 a4 37. e5 Rd8 38. f5 Rd3 39. Kf4 f6 40. e6 g5+ 41. fxg6 hxg6 42. hxg6 Rd2 43. g7+ Kg8 44. Ra8 Rxb2 45. Rxe8+ Kxg7 46. Ra8 1-0

[Event "Bhubaneswar op-A 14th"]
[Site "Bhubaneswar"]
[Date "2023.06.15"]
[Round "7"]
[White "Nirnay, Garg"]
[Black "Kavinda, Akila"]
[Result "0-1"]
[WhiteElo "1720"]
[BlackElo "2039"]
[PlyCount "78"]
[EventDate "2023.06.11"]
[EventType "swiss"]
[EventRounds "10"]
[EventCountry "IND"]
[SourceTitle "CBM 214 Extra"]
[Source "ChessBase"]
[SourceDate "2023.07.31"]
[SourceVersion "1"]
[SourceVersionDate "2023.07.31"]
[SourceQuality "1"]

1. d4 g6 2. Nf3 Bg7 3. Bf4 d6 4. e3 Nd7 5. Be2 e5 6. Bg3 Nh6 7. Bh4 f6 8. e4 Qe7 9. Nc3 c6 10. h3 Nf7 11. Bc4 Nb6 12. Bb3 a5 13. a4 0-0 14. 0-0 Be6 15. d5 Bd7 16. Nd2 c5 17. Qe2 g5 18. Bg3 Nh6 19. Nc4 Nxc4 20. Bxc4 f5 21. exf5 Nxf5 22. Ne4 Nd4 23. Qd1 Bf5 24. Bd3 c4 25. Nxd6 Qxd6 26. Bxc4 Nxc2 27. Rc1 Nb4 28. Qd2 h6 29. Rfe1 Kh7 30. Re2 Bg6 31. Qc3 Rfe8 32. Rd1 Rac8 33. b3 Re7 34. h4 Rd8 35. hxg5 hxg5 36. Red2 b6 37. Bh2 Bf6 38. Qb2 Kg7 39. Re2 Nxd5 0-1

[Event "Bhubaneswar op-A 14th"]
[Site "Bhubaneswar"]
[Date "2023.06.14"]
[Round "5"]
[White "Nirnay, Garg"]
[Black "Shabadjot, Singh"]
[Result "1-0"]
[WhiteElo "1720"]
[BlackElo "1512"]
[PlyCount "88"]
[EventDate "2023.06.11"]
[EventType "swiss"]
[EventRounds "10"]
[EventCountry "IND"]
[SourceTitle "CBM 214 Extra"]
[Source "ChessBase"]
[SourceDate "2023.07.31"]
[SourceVersion "1"]
[SourceVersionDate "2023.07.31"]
[SourceQuality "1"]

1. e4 c6 2. d4 d5 3. exd5 cxd5 4. Bd3 Nc6 5. c3 Qc7 6. Ne2 Bg4 7. f3 Bh5 8. Bf4 Qd7 9. 0-0 e6 10. Re1 Nf6 11. Nd2 Bd6 12. Nf1 Bg6 13. Nfg3 0-0 14. Qc2 Bxd3 15. Qxd3 Bxf4 16. Nxf4 Rac8 17. Qe3 Ne7 18. Nd3 Ng6 19. Re2 Qd6 20. Ne5 Nd7 21. f4 b5 22. Nd3 Ne7 23. Rf1 g6 24. Nh1 h5 25. a3 Nf5 26. Qf3 a5 27. g3 b4 28. axb4 axb4 29. Ndf2 bxc3 30. bxc3 Qa3 31. Nd1 Nb6 32. h3 h4 33. g4 Nd6 34. Nhf2 Nb5 35. Re3 Qa5 36. f5 exf5 37. gxf5 Rc6 38. Ng4 Qa8 39. f6 Nd7 40. Qxd5 Nd6 41. Qg5 Ne8 42. Nh6+ Kh7 43. Nf5 Ndxf6 44. Qh6+ Kg8 1-0

[Event "IND-ch 59th"]
[Site "New Delhi"]
[Date "2023.01.01"]
[Round "11"]
[White "Nirnay, Garg"]
[Black "Phatak, Aanjaneya"]
[Result "1-0"]
[WhiteElo "1784"]
[BlackElo "2081"]
[PlyCount "71"]
[EventDate "2022.12.22"]
[EventType "swiss"]
[EventRounds "13"]
[EventCountry "IND"]
[SourceTitle "CBM 211 Extra"]
[Source "ChessBase"]
[SourceDate "2023.01.31"]
[SourceVersion "1"]
[SourceVersionDate "2023.01.31"]
[SourceQuality "1"]

1. d4 Nf6 2. Nf3 g6 3. Bf4 Bg7 4. e3 d6 5. h3 0-0 6. Be2 c5 7. c3 Nc6 8. Nbd2 cxd4 9. exd4 Nd5 10. Bh2 e5 11. Qb3 Nf4 12. Bxf4 exf4 13. 0-0 Kh8 14. d5 Ne5 15. Nxe5 dxe5 16. Ne4 f5 17. Nc5 b6 18. Ne6 Bxe6 19. dxe6 Qe7 20. Rad1 Rfe8 21. Bb5 f3 22. Bxe8 Qg5 23. g3 Rxe8 24. Qd5 h5 25. Qxf3 Rxe6 26. Qa8+ Kh7 27. Qxa7 Re7 28. Qxb6 f4 29. Kh1 h4 30. gxf4 exf4 31. Rfe1 Rxe1+ 32. Rxe1 f3 33. Rg1 Qf5 34. Qd6 Be5 35. Qe7+ Kg8 36. Qxh4 1-0

[Event "IND-ch 59th"]
[Site "New Delhi"]
[Date "2022.12.26"]
[Round "5"]
[White "Nirnay, Garg"]
[Black "Barath, Kalyan M"]
[Result "1-0"]
[WhiteElo "1784"]
[BlackElo "2061"]
[PlyCount "91"]
[EventDate "2022.12.22"]
[EventType "swiss"]
[EventRounds "13"]
[EventCountry "IND"]
[SourceTitle "CBM 211 Extra"]
[Source "ChessBase"]
[SourceDate "2023.01.31"]
[SourceVersion "1"]
[SourceVersionDate "2023.01.31"]
[SourceQuality "1"]

1. d4 Nf6 2. Bf4 d5 3. e3 e6 4. Nf3 Bd6 5. Ne5 0-0 6. Nd2 c5 7. c3 Qc7 8. Bd3 Nc6 9. Ndf3 Ne4 10. Nxc6 Bxf4 11. Nce5 Bxe5 12. Nxe5 f6 13. Nf3 Bd7 14. Bxe4 dxe4 15. Nd2 cxd4 16. cxd4 Qa5 17. 0-0 Bb5 18. Re1 Bd3 19. Nb3 Qb6 20. Nc5 Qxb2 21. Nxe6 Rf7 22. Nc5 Bc4 23. Nxe4 Bd5 24. Qd3 Bxa2 25. Nc3 Bb3 26. Rec1 Rc7 27. Rab1 Bc4 28. Qf5 Qa3 29. Nb5 Bxb5 30. Rxc7 Bc6 31. d5 Qd6 32. Rc8+ Rxc8 33. Qxc8+ Kf7 34. dxc6 bxc6 35. Qb7+ Kg6 36. Qxa7 Qd3 37. Rc1 Qd2 38. Qc5 Kh6 39. Qxc6 g6 40. h3 f5 41. Rc4 Qe1+ 42. Kh2 Qxf2 43. Qf3 Qa2 44. Qf4+ Kg7 45. Qe5+ Kf7 46. Rc7+ 1-0

[Event "Bikaner op 1st"]
[Site "Bikaner"]
[Date "2022.10.02"]
[Round "2"]
[White "Nirnay, Garg"]
[Black "Balasubramaniam, H."]
[Result "1/2-1/2"]
[WhiteElo "1715"]
[BlackElo "2298"]
[PlyCount "112"]
[EventDate "2022.10.01"]
[EventType "swiss"]
[EventRounds "10"]
[EventCountry "IND"]
[SourceTitle "CBM 210 Extra"]
[Source "ChessBase"]
[SourceDate "2022.11.30"]
[SourceVersion "1"]
[SourceVersionDate "2022.11.30"]
[SourceQuality "1"]

1. d4 Nf6 2. Bf4 g6 3. e3 Bg7 4. Nf3 0-0 5. h3 d6 6. Be2 Nbd7 7. 0-0 b6 8. Nbd2 Bb7 9. c3 Qe8 10. Nc4 Ne4 11. Qb3 a5 12. Rfe1 h6 13. Rad1 Kh8 14. Nfd2 g5 15. Bh2 f5 16. f3 Nef6 17. Bd3 e6 18. e4 f4 19. e5 dxe5 20. Nxe5 Nxe5 21. Rxe5 Nd5 22. Re2 a4 23. Qa3 Ne3 24. Rde1 c5 25. dxc5 Rd8 26. Rxe3 fxe3 27. Rxe3 e5 28. cxb6 Rf7 29. Nc4 Re7 30. Nd6 Qc6 31. Nc4 Re6 32. Qb4 Bf8 33. Bxe5+ Kg8 34. Na5 Qd5 35. Qe4 Qxe4 36. Bxe4 Bxe4 37. Rxe4 Rxb6 38. Nc4 Rc6 39. b3 Rd1+ 40. Kh2 Ra1 41. b4 Rxa2 42. b5 Rc5 43. b6 Rb5 44. Rd4 a3 45. Rd8 Re2 46. Bd6 a2 47. Rxf8+ Kg7 48. Ra8 Rb1 49. Bc7 h5 50. h4 gxh4 51. Bd8 Kf7 52. b7 Kg7 53. Bb6 Ree1 54. Rg8+ Kh7 55. Rh8+ Kg7 56. Rg8+ Kh7 1/2-1/2

[Event "IND-ch U17"]
[Site "Bhubaneswar"]
[Date "2022.07.09"]
[Round "11"]
[White "Nihal, Swarna"]
[Black "Nirnay, Garg"]
[Result "1-0"]
[WhiteElo "1495"]
[BlackElo "1758"]
[PlyCount "119"]
[EventDate "2022.07.01"]
[EventType "swiss"]
[EventRounds "11"]
[EventCountry "IND"]
[SourceTitle "EXT 2023"]
[Source "ChessBase"]
[SourceDate "2022.10.05"]
[SourceVersion "1"]
[SourceVersionDate "2022.10.05"]
[SourceQuality "1"]

1. d4 d5 2. c4 c6 3. Nc3 Nf6 4. Nf3 Bf5 5. cxd5 Nxd5 6. e3 e6 7. Be2 Bd6 8. 0-0 0-0 9. Bd3 Bg4 10. h3 Bh5 11. e4 Nf4 12. Bc2 Bc7 13. Bxf4 Bxf4 14. Qd3 Bg6 15. Ne2 Bd6 16. Qb3 Qb6 17. e5 Qxb3 18. Bxb3 Bc7 19. Nf4 Bf5 20. g4 Be4 21. Nd2 Bd5 22. Bxd5 cxd5 23. Nb3 Nc6 24. Rfc1 Bb6 25. Ne2 Rac8 26. a3 Rc7 27. Rc3 Rfc8 28. Rac1 Kf8 29. Kg2 Ke7 30. f4 Na5 31. Nxa5 Rxc3 32. Nxc3 Bxa5 33. Nxd5+ Kd7 34. Rxc8 Kxc8 35. Ne3 Bd2 36. Kf3 b5 37. Ke4 Bc1 38. Nd1 Kd7 39. f5 Kc6 40. fxe6 fxe6 41. Kd3 a5 42. Kc2 Bf4 43. b3 a4 44. bxa4 bxa4 45. Nc3 Be3 46. Kd3 Bc1 47. Nxa4 Bxa3 48. Kc4 Kd7 49. d5 exd5+ 50. Kxd5 Be7 51. Nc5+ Ke8 52. Ne4 h6 53. Ke6 g6 54. Nf6+ Kf8 55. Nd5 Bh4 56. Kd7 h5 57. e6 hxg4 58. hxg4 Kg7 59. e7 Bxe7 60. Kxe7 1-0

[Event "Bhubaneswar op-A 13th"]
[Site "Bhubaneswar"]
[Date "2022.05.22"]
[Round "1"]
[White "Savchenko, Boris"]
[Black "Nirnay, Garg"]
[Result "1-0"]
[WhiteElo "2524"]
[BlackElo "1755"]
[PlyCount "69"]
[EventDate "2022.05.22"]
[EventType "swiss"]
[EventRounds "10"]
[EventCountry "IND"]
[SourceTitle "CBM 208 Extra"]
[Source "ChessBase"]
[SourceDate "2022.07.31"]
[SourceVersion "1"]
[SourceVersionDate "2022.07.31"]
[SourceQuality "1"]

1. e4 c5 2. Nf3 e6 3. c3 d5 4. exd5 Qxd5 5. Na3 a6 6. d4 cxd4 7. Nc4 Nd7 8. Qxd4 Ngf6 9. Bf4 Bc5 10. Qxd5 Nxd5 11. Bg3 0-0 12. a4 N7f6 13. Nfd2 Rd8 14. Be2 b6 15. Bf3 Bd7 16. Nb3 Be7 17. a5 bxa5 18. Ncxa5 Rac8 19. Nb7 Re8 20. 0-0 Bc6 21. N3a5 Bxb7 22. Nxb7 Rc6 23. Na5 Rb6 24. c4 Rxb2 25. cxd5 exd5 26. Nc6 Bc5 27. Rfc1 Bb6 28. Rab1 Rxb1 29. Rxb1 Re6 30. Nb4 d4 31. Kf1 Ne4 32. Bxe4 Rxe4 33. Nc6 d3 34. f3 Rc4 35. Ne5 1-0

[Event "IND-ch U16"]
[Site "New Delhi"]
[Date "2022.03.06"]
[Round "4"]
[White "Shaik, Sumer Arsh"]
[Black "Nirnay, Garg"]
[Result "1-0"]
[WhiteElo "1852"]
[BlackElo "1618"]
[PlyCount "94"]
[EventDate "2022.03.04"]
[EventType "swiss"]
[EventRounds "9"]
[EventCountry "IND"]
[SourceTitle "CBM 207 Extra"]
[Source "ChessBase"]
[SourceDate "2022.05.31"]
[SourceVersion "1"]
[SourceVersionDate "2022.05.31"]
[SourceQuality "1"]

1. Nf3 d5 2. c4 c6 3. g3 Nf6 4. Bg2 Bf5 5. 0-0 e6 6. d3 h6 7. b3 Be7 8. Bb2 0-0 9. Nc3 Nbd7 10. Re1 Bc5 11. d4 Bb6 12. Nh4 Bh7 13. e4 dxe4 14. Nxe4 Nxe4 15. Bxe4 Bxe4 16. Rxe4 Nf6 17. Re5 Qd7 18. Qe2 Rad8 19. Rd1 Bc7 20. Re3 Rfe8 21. Rdd3 Bb6 22. Qf3 Nh7 23. Qd1 Qc7 24. Kg2 Rd7 25. a3 Qd8 26. Nf3 f6 27. b4 Nf8 28. Qe2 Ree7 29. Re4 Kf7 30. h4 e5 31. c5 Bc7 32. Rde3 exd4 33. Qc4+ Kg6 34. Nxd4 Rxe4 35. Rxe4 Be5 36. Ne6 Nxe6 37. Bxe5 Rd5 38. Bd6 Kf7 39. g4 Qd7 40. f4 f5 41. Re5 Rd2+ 42. Kf1 Rd4 43. Rxf5+ Kg8 44. Rf8+ Kh7 45. Qc2+ g6 46. Rf6 Qe8 47. h5 Rd5 1-0

[Event "Eastern Asia-ch U12"]
[Site "Tornelo INT"]
[Date "2021.10.31"]
[Round "7"]
[White "Nirnay, Garg"]
[Black "Nguyen, Tran Huy Khanh"]
[Result "1-0"]
[WhiteElo "1369"]
[BlackElo "1026"]
[PlyCount "103"]
[EventDate "2021.10.29"]
[EventType "swiss"]
[EventRounds "9"]
[EventCountry "NET"]
[SourceTitle "EXT 2023"]
[Source "ChessBase"]
[SourceDate "2022.10.05"]
[SourceVersion "1"]
[SourceVersionDate "2022.10.05"]
[SourceQuality "1"]

1. d4 d5 2. Bf4 Nf6 3. e3 c5 4. c3 Nc6 5. Nd2 e6 6. Ngf3 cxd4 7. exd4 Bd6 8. Ne5 Bxe5 9. Bxe5 0-0 10. Bg3 Re8 11. Be2 e5 12. dxe5 Nxe5 13. Bxe5 Rxe5 14. Nf3 Re8 15. 0-0 b6 16. Nd4 Bb7 17. Re1 Ne4 18. Bb5 Re7 19. Qg4 Rc7 20. f3 Nd6 21. Bd3 Qf6 22. Re2 Re7 23. Rae1 Rae8 24. Qd7 Rxe2 25. Rxe2 Rxe2 26. Bxe2 g6 27. Nb5 Nxb5 28. Bxb5 Qe6 29. Qxb7 Qe3+ 30. Kf1 Qc1+ 31. Kf2 Qxb2+ 32. Be2 Qxc3 33. Qxd5 Qb4 34. Bc4 Qb2+ 35. Kg3 Qf6 36. h4 a5 37. f4 Qc3+ 38. Kh2 Qf6 39. Qg5 Qd6 40. Qe5 Qd8 41. Kg3 Qc8 42. Bd5 h5 43. Kh2 Qd8 44. Qg5 Qd6 45. g4 hxg4 46. h5 g3+ 47. Kxg3 Qa3+ 48. Kh4 Kg7 49. h6+ Kh7 50. Bxf7 Qc3 51. Qxg6+ Kh8 52. Qg8# 1-0

[Event "Kaspersky op U16"]
[Site "Tornelo INT"]
[Date "2021.04.02"]
[Round "10"]
[White "Rodionov, Vadim"]
[Black "Nirnay, Garg"]
[Result "0-1"]
[WhiteElo "1254"]
[BlackElo "1671"]
[PlyCount "68"]
[EventDate "2021.04.02"]
[EventType "swiss (blitz)"]
[EventRounds "11"]
[EventCountry "RUS"]
[SourceTitle "CBM 201 Extra"]
[Source "ChessBase"]
[SourceDate "2021.05.31"]
[SourceVersion "1"]
[SourceVersionDate "2021.05.31"]
[SourceQuality "1"]

1. d4 d5 2. c4 e6 3. Nc3 Nf6 4. Bg5 Be7 5. e3 0-0 6. Nf3 h6 7. Bh4 b6 8. Bd3 Bb7 9. 0-0 dxc4 10. Bxc4 Nbd7 11. Bd3 c5 12. dxc5 Nxc5 13. Be2 Qc7 14. Bg3 Qc8 15. Rc1 Rd8 16. Qc2 Nfe4 17. Nxe4 Bxe4 18. Qc3 Bf6 19. Be5 Bxf3 20. Bxf3 Rd3 21. Qa3 Rxa3 22. bxa3 Bxe5 23. Bxa8 Qxa8 24. Rfd1 Bb2 25. Rc2 Bxa3 26. Rcd2 Qe4 27. h3 Bb4 28. Rd4 Qc2 29. R1d2 Bxd2 30. Kh2 Be1 31. f3 Bc3 32. Rc4 Be5+ 33. f4 Qxc4 34. fxe5 Ne4 0-1

[Event "New Delhi Parsvnath blitz op 18th"]
[Site "New Delhi"]
[Date "2020.01.14"]
[Round "4"]
[White "Rohit, Krishna S"]
[Black "Nirnay, Garg"]
[Result "1-0"]
[WhiteElo "2289"]
[BlackElo "1591"]
[PlyCount "26"]
[EventDate "2020.01.14"]
[EventType "swiss (blitz)"]
[EventRounds "9"]
[EventCountry "IND"]
[SourceTitle "CBM 194 Extra"]
[Source "ChessBase"]
[SourceDate "2020.03.31"]
[SourceVersion "1"]
[SourceVersionDate "2020.03.31"]
[SourceQuality "1"]

1. d4 d5 2. c4 e6 3. Nc3 Nf6 4. Nf3 Be7 5. e3 c5 6. cxd5 Nxd5 7. Bd3 Nxc3 8. bxc3 Nc6 9. 0-0 Bf6 10. Bb2 0-0 11. Qe2 Qe7 12. e4 Qc7 13. e5 Be7 1-0

[Event "IND-ch U09 op 32nd"]
[Site "Ranchi"]
[Date "2018.09.21"]
[Round "9.10"]
[White "Aryan, Mohapatra"]
[Black "Nirnay, Garg"]
[Result "1-0"]
[WhiteElo "1374"]
[BlackElo "1325"]
[PlyCount "109"]
[EventDate "2018.09.15"]
[EventType "swiss"]
[EventRounds "11"]
[EventCountry "IND"]
[SourceTitle "EXT 2024"]
[Source "ChessBase"]
[SourceDate "2023.10.10"]
[SourceVersion "1"]
[SourceVersionDate "2023.10.10"]
[SourceQuality "1"]

1. d4 d5 2. c4 e6 3. Nc3 Nf6 4. Nf3 Be7 5. Bf4 c5 6. e3 Nc6 7. Be2 0-0 8. 0-0 Nh5 9. Be5 cxd4 10. exd4 Nxe5 11. Nxe5 Nf4 12. cxd5 Nxe2+ 13. Qxe2 exd5 14. Rac1 Be6 15. Nb5 Qb6 16. Nc7 Rac8 17. Nd7 Qd6 18. Nxf8 Rxf8 19. Qe5 Qd7 20. Nxe6 Qxe6 21. Qxe6 fxe6 22. Rc7 Bf6 23. Rd1 Rb8 24. f4 Kf8 25. g4 Be7 26. Re1 Bf6 27. Rd1 Ke8 28. g5 Kd8 29. Rc2 Be7 30. Re2 Bd6 31. Rf1 Kd7 32. f5 exf5 33. Rxf5 Kc6 34. Rc2+ Kd7 35. Rxd5 Ke6 36. Rb5 Bf4 37. Re2+ Kd7 38. Rf5 Bd6 39. d5 Be7 40. Rf7 Re8 41. Kg2 h6 42. g6 Kd8 43. d6 Bxd6 44. Rxe8+ Kxe8 45. Rxb7 Be5 46. b4 Bd4 47. a4 Kd8 48. Rb5 Kc7 49. Rd5 Bf6 50. Rf5 Bd4 51. Kf3 Kd6 52. Ke4 Bc3 53. Rf7 Bxb4 54. Rxg7 Ke6 55. Rxa7 1-0